طاوعني قلبي في النسيان / (Record no. 12412)

MARC details
000 -الفاتح
حقل البيانات ثابتة الطول 00898nam a22002657a 4500
003 - محدد رقم الضبط
رقم الضبط EG-ScBUE
005 - وقت وتاريخ اخر تعامل مع التسجيلة
رقم الضبط 20211128133728.0
008 - عناصر البيانات ثابتة الطول - معلومات عامة
حقل البيانات ثابتة الطول 090726s2005 ua f 000 0 ara d
017 ## - رقم الإيداع القانونى
رقم الإيداع القانونى 2005 / 15062
020 ## - الرقم الدولى المعيارى للكتب
الرقم الدولى المعيارى للكتاب 9770913189
040 ## - مصدر الفهرسة
وكالة الفهرسة الأصلية EG-ScBUE
لغة الفهرسة ara
قواعد الوصف rda
وكالة النسخ EG-ScBUE
وكالة التعديل EG-ScBUE
082 04 - رقم تصنيف ديوى العشرى
رقم التصنيف 892.717
رقم المادة ج و ي
رقم الطبعة 22
100 1# - المدخل الرئيسى - إسم شخصى
9 (RLIN) 8100
الإسم الشخصى جويدة، فاروق،
الدور مؤلف.
245 10 - بيان العنوان
العنوان طاوعني قلبي في النسيان /
بيان المسئوليه,etc فاروق جويدة.
264 #1 - النشر، التوزيع
مكان الناشر او الموزع القاهرة :
اسم الناشر او الموزع دار الشروق،
تاريخ النشر أو التوزيع 2005.
300 ## - الوصف المادى
التعداد 71 صفحة ؛
أبعاد الوعاء 15 سم
336 ## - نوع المحتوى
source rdacontent
Carrier Type Term نص
Content Type Code txt
337 ## - نوع الوسيط
source rdamedia
Media Type Term بدون وسيط
Media Type Code n
338 ## - نوع الحامل أو الناقل
source rdacarrier
Carrier Type Term مجلد
Carrier Type Code nc
650 #7 - المدخل الاضافى بالموضوع-مصطلح موضوعى
9 (RLIN) 8102
مصطلح موضوعي أو اسم جغرافي كعنصر مدخل الشعر العربي
التقسيم الفرعي العام دواوين وقصائد.
مصدر الرأس أو المصطلح BUEsh
651 ## - المدخل الاضافى بالموضوع - اسم جغرافى
مصدر الرأس أو المصطلح BUEsh
653 ## - مصطلح تكشيفى غير مقيد
Resource For college Arabic Literature
Arrived date list November2021
655 ## - مصطلح تكشيفى-نوع/شكل
التقسيم الفرعي الشكلي Reading book
-- 34232
942 ## - عناصر المدخل الإضافي( كوها)
مصدر التصنيف او مخطط الترفيف Dewey Decimal Classification
Koha [default] item type Book - Borrowing
سابقة رقم الطلب 892.717 ج و ي
Holdings
حالة التراجع حالة الفقد مصدر التصنيف او خطة الترفيف تحديد مواد ( مجلدات مجمعه أو جزء أخر) حالة تلف ليس للاعارة مجموعات كوها المكان الدائم المكان الحالي موقع الترفيف تاريخ الاكتساب Source of acquisition رقم الاستدعاء الباركود Date last seen مُعار نوع الوعاء
  Lost Dewey Decimal Classification Lost In Inventory_2015-8-23       Central Library Central Library Second Floor 26/07/2009   892.717 ج و ي 000017150 26/07/2011 27/04/2011 Book - Borrowing
    Dewey Decimal Classification       Alef-Baa Central Library Central Library Second Floor 17/08/2009   892.717 ج و ي 000017881 15/07/2025 24/12/2020 Book - Borrowing